Normal view MARC view
  • Perumal Nithiarasu ; Roland W. Lewis ; Kankanhalli N. Seetharamu

Entry Personal Name

Number of records used in: 1

001 - CONTROL NUMBER

  • control field: 27697

003 - CONTROL NUMBER IDENTIFIER

  • control field: NUST

005 - DATE AND TIME OF LATEST TRANSACTION

  • control field: 20200117101254.0

008 - FIXED-LENGTH DATA ELEMENTS

  • fixed length control field: 200117|| aca||aabn | a|a d

040 ## - CATALOGING SOURCE

  • Original cataloging agency: NUST
  • Transcribing agency: NUST

100 ## - HEADING--PERSONAL NAME

  • Personal name: Perumal Nithiarasu ; Roland W. Lewis ; Kankanhalli N. Seetharamu

670 ## - SOURCE DATA FOUND

  • Source citation: Work cat.: (NUST): Perumal Nithiarasu ; Roland W. Lewis ; Kankanhalli N. Seetharamu , Fundamentals of the Finite Element Method for Heat and Mass Transfer, c2016
© 2023 Central Library, National University of Sciences and Technology. All Rights Reserved.